[Event "EU-ch U14 Girls"]
[Site "Bratislava"]
[Date "2019.08.08"]
[Round "7"]
[White "Palczert, Hajnalka"]
[Black "Kiousi, Panagiota"]
[Result "1/2-1/2"]
[WhiteElo "1531"]
[BlackElo "1806"]
[PlyCount "96"]
[EventDate "2019.08.02"]
[EventType "swiss"]
[EventRounds "9"]
[EventCountry "SVK"]
[SourceTitle "EXT 2020"]
[Source "ChessBase"]
[SourceDate "2019.10.17"]
[SourceVersion "1"]
[SourceVersionDate "2019.10.17"]
[SourceQuality "1"]

1. e4 c5 2. Nf3 d6 3. d4 cxd4 4. Nxd4 Nf6 5. Nc3 a6 6. f3 e6 7. Be3 b5 8. Qd2 Nbd7 9. g4 h6 10. h4 b4 11. Nce2 Qc7 12. Bg2 Ne5 13. b3 Bb7 14. g5 Nfd7 15. c3 bxc3 16. Nxc3 hxg5 17. hxg5 Rxh1+ 18. Bxh1 Nc5 19. Bg2 Rc8 20. Nce2 d5 21. exd5 Bxd5 22. Kf1 Qb7 23. Ng1 Ncd3 24. f4 Bxg2+ 25. Qxg2 Qxg2+ 26. Kxg2 Nc6 27. Nge2 Nxd4 28. Bxd4 Rc2 29. Kf3 g6 30. a3 Nc5 31. Rc1 Rxc1 32. Nxc1 Nb7 33. b4 Nd6 34. Bc5 Nb5 35. Bxf8 Kxf8 36. Nb3 Ke7 37. a4 Nc7 38. Nd4 Nd5 39. b5 axb5 40. Nxb5 f6 41. gxf6+ Kxf6 42. a5 g5 43. fxg5+ Kxg5 44. a6 Kf6 45. a7 Nb6 46. Ke4 Ke7 47. Kd4 Kd7 48. Kc5 Na8 1/2-1/2

[Event "EU-ch U14 Girls"]
[Site "Bratislava"]
[Date "2019.08.07"]
[Round "6"]
[White "Palczert, Hajnalka"]
[Black "Habinova, Alice"]
[Result "1-0"]
[WhiteElo "1531"]
[BlackElo "1356"]
[PlyCount "109"]
[EventDate "2019.08.02"]
[EventType "swiss"]
[EventRounds "9"]
[EventCountry "SVK"]
[SourceTitle "EXT 2020"]
[Source "ChessBase"]
[SourceDate "2019.10.17"]
[SourceVersion "1"]
[SourceVersionDate "2019.10.17"]
[SourceQuality "1"]

1. e4 e5 2. Nc3 Nf6 3. f4 d5 4. fxe5 Nxe4 5. Qf3 Nxc3 6. dxc3 Nc6 7. Bf4 Be6 8. 0-0-0 Qd7 9. h3 0-0-0 10. Ne2 Be7 11. Nd4 Nxd4 12. cxd4 Kb8 13. Qb3 Rc8 14. Kb1 c5 15. dxc5 Rxc5 16. Rd4 Rhc8 17. c3 R5c7 18. Bb5 Qd8 19. Qd1 Rc5 20. Ba4 Ka8 21. Bb3 f6 22. Re1 Bf5+ 23. Ka1 fxe5 24. Rxe5 Bg6 25. Rexd5 Qf8 26. g3 R5c6 27. Ba4 Rb6 28. Bd7 Ba3 29. Rb5 Rxb5 30. Bxb5 Bc5 31. Bd6 Bxd6 32. Rxd6 Qe7 33. Rd7 Qg5 34. Bf1 Bf5 35. Rd5 Qg6 36. Bd3 Bxd3 37. Qxd3 Qh6 38. g4 Qc1+ 39. Qb1 Qxb1+ 40. Kxb1 a6 41. Rd7 Rg8 42. Kc2 Ka7 43. Kd3 Kb6 44. Ke4 Re8+ 45. Kd4 Re2 46. Rxg7 Rxb2 47. Rxh7 Rxa2 48. g5 Rg2 49. h4 Rg4+ 50. Ke5 a5 51. Kf5 Rg1 52. g6 a4 53. Rh8 Ka7 54. Rd8 a3 55. Rd2 1-0

[Event "EU-ch U14 Girls"]
[Site "Bratislava"]
[Date "2019.08.02"]
[Round "1"]
[White "Nadzamova, Viktoria"]
[Black "Palczert, Hajnalka"]
[Result "1-0"]
[WhiteElo "1901"]
[BlackElo "1531"]
[PlyCount "53"]
[EventDate "2019.08.02"]
[EventType "swiss"]
[EventRounds "9"]
[EventCountry "SVK"]
[SourceTitle "EXT 2020"]
[Source "ChessBase"]
[SourceDate "2019.10.17"]
[SourceVersion "1"]
[SourceVersionDate "2019.10.17"]
[SourceQuality "1"]

1. e4 c5 2. Nf3 Nc6 3. Bb5 Nd4 4. Nxd4 cxd4 5. 0-0 Nf6 6. e5 Nd5 7. e6 Nf6 8. exf7+ Kxf7 9. c3 Qb6 10. Be2 g6 11. cxd4 Qxd4 12. Nc3 Bg7 13. Nb5 Qb6 14. d4 d5 15. Bf4 Bf5 16. Bc7 Qe6 17. Be5 Qd7 18. Rc1 Rhc8 19. Nc7 Rab8 20. Bb5 Qd8 21. Qf3 a6 22. Ba4 Bh6 23. Rc5 Be4 24. Qh3 Bg7 25. Ne6 Qh8 26. Ng5+ Kf8 27. Rxc8+ 1-0

[Event "EU-ch U12 Girls 27th"]
[Site "Mamaia"]
[Date "2017.09.12"]
[Round "7"]
[White "Zimrin, Danielle"]
[Black "Palczert, Hajnalka"]
[Result "0-1"]
[WhiteElo "1231"]
[BlackElo "1483"]
[PlyCount "59"]
[EventDate "2017.09.05"]
[EventType "swiss"]
[EventRounds "9"]
[EventCountry "ROU"]
[SourceTitle "EXT 2018"]
[Source "ChessBase"]
[SourceDate "2017.10.13"]
[SourceVersion "1"]
[SourceVersionDate "2017.10.13"]
[SourceQuality "1"]

1. e4 c5 2. Nf3 Nc6 3. c3 d5 4. exd5 Qxd5 5. d4 g6 6. Be3 cxd4 7. cxd4 Bg7 8. Nc3 Qd8 9. h3 Nf6 10. Be2 0-0 11. 0-0 Nb4 12. Qd2 Nbd5 13. Nxd5 Nxd5 14. Bh6 Be6 15. Bxg7 Kxg7 16. Rac1 Qb6 17. Bc4 Rfd8 18. Qg5 Qb4 19. Qe5+ Kg8 20. Ng5 Qd6 21. Rfe1 Rac8 22. Nxe6 Qxe5 23. Rxe5 fxe6 24. b3 b5 25. Rxe6 bxc4 26. bxc4 Kf7 27. Ra6 Rd7 28. c5 Rcc7 29. Rd1 Nc3 30. Rd3 0-1

[Event "Budapest Gyorgy Memorial 1st"]
[Site "Budapest"]
[Date "2016.11.12"]
[Round "4.1"]
[White "Palczert, Hajnalka"]
[Black "Kozsik, Bende Barnabas"]
[Result "0-1"]
[WhiteElo "1550"]
[BlackElo "1752"]
[PlyCount "56"]
[EventDate "2016.11.10"]
[EventType "swiss"]
[EventRounds "7"]
[EventCountry "HUN"]
[SourceTitle "EXT 2018"]
[Source "ChessBase"]
[SourceDate "2017.10.13"]
[SourceVersion "1"]
[SourceVersionDate "2017.10.13"]
[SourceQuality "1"]

1. d4 Nf6 2. c4 g6 3. Nc3 d5 4. cxd5 Nxd5 5. Na4 Bg7 6. e4 Nb6 7. Be3 0-0 8. Nf3 Bg4 9. Nc5 Qc8 10. h3 Bxf3 11. Qxf3 Nc6 12. Rd1 Rd8 13. d5 Ne5 14. Qe2 c6 15. dxc6 Qxc6 16. b3 Ned7 17. b4 Nxc5 18. Bxc5 Bc3+ 19. Rd2 Bxd2+ 20. Kd1 Bxb4+ 21. Kc1 Qxc5+ 22. Kb1 Rd2 23. Qxd2 Bxd2 24. Bd3 Qb4+ 25. Kc2 Qc3+ 26. Kd1 Qxd3 27. g3 Be3+ 28. Ke1 Qd2+ 0-1

[Event "HUN-ch U12 Girls"]
[Site "Balatonlelle"]
[Date "2016.06.25"]
[Round "2"]
[White "Juhasz, Judit"]
[Black "Palczert, Hajnalka"]
[Result "1-0"]
[WhiteElo "1825"]
[BlackElo "1406"]
[PlyCount "59"]
[EventDate "2016.06.24"]
[EventType "swiss"]
[EventRounds "7"]
[EventCountry "HUN"]
[SourceTitle "CBM 173 Extra"]
[Source "ChessBase"]
[SourceDate "2016.08.29"]
[SourceVersion "1"]
[SourceVersionDate "2016.08.29"]
[SourceQuality "1"]

1. e4 c5 2. Nf3 g6 3. d4 Bg7 4. c4 Qb6 5. Nc3 cxd4 6. Nd5 Qd8 7. Nxd4 Nf6 8. Nc3 0-0 9. Be2 Nc6 10. Be3 d6 11. 0-0 Bd7 12. Qd2 Nxd4 13. Bxd4 a5 14. b3 Qc7 15. Rfd1 Rfd8 16. Bxf6 Bxf6 17. Nd5 Qc6 18. Nxf6+ exf6 19. Qxd6 Qxe4 20. Bf3 Qe6 21. Bxb7 Rab8 22. Qc7 Qe7 23. c5 Qe8 24. c6 Be6 25. Qxa5 Rxd1+ 26. Rxd1 Qe7 27. Qb6 Bc8 28. Qd8+ Qxd8 29. Rxd8+ Kg7 30. Rxc8 1-0

[Event "EU-ch U10 Girls 25th"]
[Site "Porec"]
[Date "2015.09.23"]
[Round "3"]
[White "Palczert, Hajnalka"]
[Black "Zvereva, Margarita"]
[Result "0-1"]
[WhiteElo "1434"]
[BlackElo "1725"]
[PlyCount "110"]
[EventDate "2015.09.21"]
[EventType "swiss"]
[EventRounds "9"]
[EventCountry "CRO"]
[SourceTitle "EXT 2016"]
[Source "ChessBase"]
[SourceDate "2015.10.08"]
[SourceVersion "1"]
[SourceVersionDate "2015.10.08"]
[SourceQuality "1"]

1. e4 c6 2. d4 d5 3. exd5 cxd5 4. c4 Nf6 5. Nc3 e6 6. c5 b6 7. b4 a5 8. Na4 bxc5 9. bxc5 Ba6 10. Bxa6 Rxa6 11. Nf3 Be7 12. 0-0 0-0 13. Bf4 Nc6 14. Re1 h6 15. Qe2 Ra7 16. Rab1 Ne4 17. Rb3 Bf6 18. Rd1 Re8 19. Nc3 a4 20. Ra3 Nxc3 21. Rxc3 Qa5 22. Re3 Rb7 23. Be5 Nxe5 24. Nxe5 Qb5 25. Qe1 Qb2 26. Re2 Qb4 27. Qf1 Qb5 28. f4 Qa6 29. Qf2 a3 30. g3 Qa4 31. Red2 Rb2 32. Qe1 Reb8 33. Rc1 Rxd2 34. Qxd2 Rb2 35. Qc3 Bxe5 36. fxe5 Rb4 37. Qc2 Qxc2 38. Rxc2 Rb1+ 39. Kf2 Rb2 40. Ke3 Rxc2 41. Kd3 Rc4 42. h4 Kf8 43. g4 Ke7 44. c6 Rxc6 45. Kd2 Rc4 46. h5 Kd7 47. Kd1 Rxd4+ 48. Kc2 Rxg4 49. Kb3 Rg3+ 50. Kc2 Kc6 51. Kc1 Rg2 52. Kb1 Kc5 53. Kc1 Kd4 54. Kb1 Kc3 55. Kc1 Rg1# 0-1